Identifikácia a analýza tréningových potrieb pracovníkov Univerzity Komenského v Bratislave záverečná správa

Salvato in:
Dettagli Bibliografici
Autore principale: Antalová, Mária, 1952-
Altri autori: Tkáčiková, Jarmila, Bartošová, Mária, Bzdúchová, Sylvia
Natura: Libro
Lingua:slovacco
Pubblicazione: Bratislava British Know How Fund 1999
Soggetti:
Tags: Aggiungi Tag
Nessun Tag, puoi essere il primo ad aggiungerne!!

MARC

LEADER 00000nam$a2200000$$$4500
001 0112230
005 20240503084921.0
041 0 |a slo 
044 |a SK 
245 1 0 |a Identifikácia a analýza tréningových potrieb pracovníkov Univerzity Komenského v Bratislave  |b záverečná správa  |c spracovatelia: Mária Antalová ... [et al.] 
264 1 |a Bratislava  |b British Know How Fund  |c 1999 
300 |a 30 s. 
610 2 0 |a vzdelávanie 
610 2 0 |a pracovníci 
610 2 0 |a univerzity 
610 2 0 |a manažment 
100 1 |a Antalová, Mária, 1952- 
700 1 |a Tkáčiková, Jarmila 
700 1 |a Bartošová, Mária 
700 1 |a Bzdúchová, Sylvia